00519nam a22001457a 4500008004100000040005500041080002300096245004200119260003700161300001600198500009500214650002100309653001600330700002700346230515b |||||||| |||| 00| 0 eng d aNational Science LibrarycNational Science Library a551.5(082.2)bJ7.1 aExploring the atmospheres first mile  aLondon: bPergamon Press, c1953 axiv, 376p.  aVol.1 (Instrumentation and data evaluation) Vol.2 (Site description and data tabulation)  aInstrumentation  aEvaluation  aLettau, Heinz H (Ed.)